[Event "29th Avoine Open 2014"]
[Site "Avoine FRA"]
[Date "2014.07.20"]
[Round "2.44"]
[White "Trouve, Guillaume"]
[Black "Roger, Mehdi"]
[Result "1-0"]
[WhiteElo "1910"]
[BlackElo "2198"]
[WhiteFideId "26007266"]
[BlackFideId "612065"]
[EventDate "2014.07.19"]

1. e4 c6 2. d4 d5 3. e5 Bf5 4. Be3 e6 5. Nd2 Nd7 6. Nb3 Ne7 7. Be2 Nc8 8. Nf3
Be7 9. O-O O-O 10. Qd2 Bg4 11. Ne1 Bxe2 12. Qxe2 b5 13. f4 f5 14. Nc5 Nxc5 15.
dxc5 d4 16. Rd1 Bxc5 17. Nf3 dxe3 18. Rxd8 Rxd8 19. Kh1 h6 20. c3 Ne7 21. Nd4
Bxd4 22. cxd4 Rxd4 23. Qxe3 Rad8 24. h3 R8d7 25. Rf2 a5 26. Qc3 a4 27. b3 Kf7
28. Kh2 axb3 29. axb3 R4d5 30. Rf3 Rd8 31. Rg3 c5 32. Qa5 c4 33. bxc4 bxc4 34.
Qc7 R8d7 35. Qxc4 Ng6 36. Rf3 Rd4 37. Qc6 Ne7 38. Qc5 Ng6 39. Qc6 Ne7 40. Qc5 h5
41. Kg3 Rd2 42. Rf2 R2d5 43. Qc4 Rd3+ 44. Rf3 Rd2 45. h4 Rd8 46. Rf2 R8d4 47.
Qc5 R2d3+ 48. Rf3 Nd5 49. Qa7+ Kg6 50. Rxd3 Rxd3+ 51. Kf2 Rd2+ 52. Kf3 Rd3+ 53.
Kf2 Rd2+ 54. Kf1 Nxf4 55. g3 Nd5 56. Ke1 Rd3 57. Qd7 Re3+ 58. Kf2 Rxe5 59. Kf3
Nf6 60. Qd6 Re4 61. Qd2 Rg4 62. Qa2 Nd5 63. Qa6 Re4 64. Qc6 Nf6 65. Qc1 Kh7 66.
Qc6 Kg8 67. Qc8+ Kf7 68. Qc7+ Kg6 69. Qc1 Rg4 70. Qc6 e5 71. Qe6 e4+ 72. Kf2 f4
73. gxf4 Rxf4+ 74. Kg3 Rf3+ 75. Kg2 Rd3 76. Kf2 Rf3+ 77. Kg2 Rf4 78. Kg3 Rg4+
79. Kh3 Rg1 80. Kh2 Rd1 81. Kg2 Rd8 82. Qe5 Re8 83. Qg5+ Kf7 84. Kf2 e3+ 85. Ke2
Re7 86. Qf5 g6 87. Qf4 Kg7 88. Qd6 Kf7 89. Qf4 Re4 90. Qc7+ Ke6 91. Qc8+ Ke5 92.
Qc7+ Kf5 93. Qc8+ Re6 94. Qc2+ Re4 95. Qc8+ Ke5 96. Qc7+ Ke6 97. Qc8+ Kf7 98.
Qc7+ Re7 99. Qf4 Kg7 100. Qd6 Ng8 101. Qd4+ Kh7 102. Qd6 Kh6 103. Qf4+ Kh7 104.
Qd6 Rf7 105. Kxe3 Nh6 106. Qd5 Nf5+ 107. Kf4 Nd6+ 108. Kg3 Nf5+ 109. Kf4 Nh6+
110. Kg3 Kg7 111. Qe5+ Kg8 112. Qe8+ Kh7 113. Qe6 Rf5 114. Qd7+ Rf7 115. Qe6
Nf5+ 116. Kf4 Nh6+ 117. Kg3 Rb7 118. Qd5 Re7 119. Kf4 Rf7+ 120. Kg3 Kg8 121.
Qd8+ Kg7 122. Qd4+ Kh7 123. Qd5 Rc7 124. Kf4 Re7 125. Qd6 Rf7+ 126. Ke4 Nf5 127.
Qd8 Ng7 128. Qd5 Rf5 129. Qd7 Rf1 130. Ke5 Rf2 131. Qa7 Rf5+ 132. Ke4 Rf8 133.
Ke5 Kh6 134. Qe3+ Kh7 135. Qa7 Kh8 136. Qb6 Rf5+ 137. Ke4 Kh7 138. Qc7 Kh6 139.
Qc1+ Kh7 140. Qc7 Rf6 141. Ke5 Rf4 1-0

[Event "29th Avoine Open 2014"]
[Site "Avoine FRA"]
[Date "2014.07.20"]
[Round "2.45"]
[White "Pietrasanta, Jeremy"]
[Black "Guinovart, Jose"]
[Result "1-0"]
[WhiteTitle "FM"]
[WhiteElo "2179"]
[BlackElo "1889"]
[WhiteFideId "621030"]
[BlackFideId "620734"]
[EventDate "2014.07.19"]

1. e4 d5 2. Nc3 dxe4 3. Nxe4 g6 4. Bc4 Bg7 5. d3 Nf6 6. Ng5 O-O 7. h4 h5 8. Ne2
Nc6 9. Nf4 e6 10. Bd2 Nd5 11. g4 Nxf4 12. Bxf4 e5 13. gxh5 exf4 14. hxg6 Bxb2
15. Qh5 Kg7 16. Qh7+ Kf6 17. Rb1 Bc3+ 18. Kf1 Bf5 19. Qh6 Rh8 20. Nh7+ Ke7 21.
Qg5+ Kd6 22. Qxf5 Be5 23. Rb5 Qe8 24. Bxf7 1-0

[Event "29th Avoine Open 2014"]
[Site "Avoine FRA"]
[Date "2014.07.20"]
[Round "2.46"]
[White "Burri, Quentin"]
[Black "Gatineau, Yovann"]
[Result "1-0"]
[WhiteElo "2135"]
[BlackElo "1886"]
[WhiteFideId "26028654"]
[BlackFideId "26028999"]
[EventDate "2014.07.19"]

1. e4 c5 2. Nf3 e6 3. d4 cxd4 4. Nxd4 Nf6 5. Nc3 Nc6 6. Nxc6 bxc6 7. e5 Nd5 8.
Ne4 Qc7 9. f4 Qb6 10. c4 Bb4+ 11. Ke2 f5 12. exf6 Nxf6 13. Be3 Qd8 14. Nd6+ Bxd6
15. Qxd6 Bb7 16. Rd1 c5 17. Qxc5 Be4 18. Rg1 Rc8 19. Qd4 O-O 20. g4 d5 21. c5
Nd7 22. Rc1 Qe7 23. c6 e5 24. Qxa7 exf4 25. Bc5 Qe5 26. Bd4 f3+ 27. Kd1 Qg5 28.
Qxd7 f2 29. Rg3 Rce8 30. Rcc3 Bb1 31. Rge3 Rxe3 32. Rxe3 Bxa2 33. Qe6+ Kh8 34.
c7 Qf4 35. c8=Q Qxd4+ 36. Kc2 Qa4+ 37. Kc1 Qb4 38. Qxf8+ Qxf8 39. Qe8 Kg8 40.
Qxf8+ Kxf8 41. Rf3+ Kg8 42. Rxf2 1-0

[Event "29th Avoine Open 2014"]
[Site "Avoine FRA"]
[Date "2014.07.20"]
[Round "2.47"]
[White "Algaba, Pedro"]
[Black "Jaureguiberry, Cedric"]
[Result "1/2-1/2"]
[WhiteElo "1899"]
[BlackElo "2127"]
[WhiteFideId "611492"]
[BlackFideId "620122"]
[EventDate "2014.07.19"]

1. e4 Nf6 2. Nc3 d5 3. e5 Nfd7 4. d4 c5 5. Nf3 e6 6. Be2 cxd4 7. Qxd4 Nc6 8. Qf4
Be7 9. O-O O-O 10. a3 f6 11. exf6 Nxf6 12. Ne5 Bd7 13. Nxc6 bxc6 14. Qh4 e5 15.
Bd2 Bf5 16. Rac1 Qe8 17. f3 Qg6 18. Bd1 e4 19. Qg5 Bc5+ 20. Kh1 Rae8 21. Qxg6
Bxg6 22. Be2 e3 23. Be1 d4 24. Bc4+ Bf7 25. Bxf7+ Rxf7 26. Ne2 Ne4 27. Bb4 Bxb4
28. axb4 Nf2+ 29. Kg1 Rd8 30. Ng3 Rb7 31. Nf5 g6 32. Nh6+ Kg7 33. Ng4 Nxg4 34.
fxg4 Rxb4 35. b3 Rb7 36. Rf3 Rf7 37. Kf1 c5 38. Ke2 Re7 39. Ra1 Rdd7 40. Ra6 Rc7
41. Ra4 Rf7 42. Rc4 Rxf3 43. gxf3 Kf6 44. b4 Ke5 45. bxc5 Kd5 46. Kd3 Rf7 47. c6
e2 48. Rxd4+ Kxc6 49. Kxe2 a5 50. f4 Kc5 51. Kd3 Kb5 52. c4+ Kb4 53. Ke4 Re7+
54. Kf3 a4 55. c5+ Kb3 56. c6 Rc7 57. Rd3+ Kb2 58. Rd4 a3 59. Rb4+ Kc3 60. Ra4
Kb3 61. Ra6 a2 62. Rb6+ 1/2-1/2

[Event "29th Avoine Open 2014"]
[Site "Avoine FRA"]
[Date "2014.07.20"]
[Round "2.48"]
[White "Deveque, Guillaume"]
[Black "Sally, Paul-Adrien"]
[Result "1/2-1/2"]
[WhiteElo "1891"]
[BlackElo "2081"]
[WhiteFideId "658952"]
[BlackFideId "662526"]
[EventDate "2014.07.19"]

1. b4 d5 2. e3 Bf5 3. c4 e6 4. Qb3 Nf6 5. Nf3 Be7 6. Nc3 O-O 7. cxd5 exd5 8. b5
Qd6 9. a4 c5 10. Ba3 Nbd7 11. d4 Rac8 12. Be2 h6 13. O-O Qe6 14. dxc5 Nxc5 15.
Bxc5 Bxc5 16. Rfd1 Rfd8 17. Nd4 Bxd4 18. Rxd4 Rc5 19. Bf3 Rdc8 20. Nxd5 Rc1+ 21.
Rd1 Rxa1 22. Rxa1 Be4 23. Bxe4 Nxe4 24. f3 Nc3 25. e4 Nxd5 26. exd5 Qe2 27. Qd1
Qe3+ 28. Kf1 Kf8 29. Qe2 Qxe2+ 30. Kxe2 Ke7 31. Kd3 Kd6 32. Re1 Rc5 33. Re2
Rxd5+ 34. Kc4 Rc5+ 35. Kd4 Rc1 36. Ra2 Rb1 37. Kc4 Rd1 38. Re2 Ra1 39. Kb4 Rb1+
40. Kc4 a5 41. bxa6 bxa6 42. g3 a5 43. Ra2 Rb4+ 44. Kc3 f5 45. f4 g5 46. fxg5
hxg5 47. Kd3 Ke5 48. Ke3 Rb3+ 49. Kf2 Rb4 50. Kf3 Kf6 51. Ra3 Rb2 52. h4 gxh4
53. gxh4 Rb4 54. Kg2 Rg4+ 55. Kh3 Kg6 56. Rg3 Rxg3+ 1/2-1/2

[Event "29th Avoine Open 2014"]
[Site "Avoine FRA"]
[Date "2014.07.20"]
[Round "2.49"]
[White "Soyer, Jean-Yves"]
[Black "Chargelegue, Thomas"]
[Result "1-0"]
[WhiteElo "2080"]
[BlackElo "1876"]
[WhiteFideId "609650"]
[BlackFideId "36000426"]
[EventDate "2014.07.19"]

1. Nf3 Nf6 2. c4 g6 3. Nc3 d5 4. cxd5 Nxd5 5. h4 h5 6. Qb3 Nb6 7. Ng5 e6 8. g3
Bg7 9. Bg2 O-O 10. d3 c6 11. Nge4 Nd5 12. O-O Qb6 13. Qc2 Na6 14. Bg5 Nab4 15.
Qd2 Nxc3 16. bxc3 Nd5 17. Rab1 Qa5 18. c4 Qxd2 19. Bxd2 Nb6 20. Bb4 Re8 21. Ba3
Rb8 22. Bd6 Ra8 23. Ba3 Rb8 24. Rb3 Bf8 25. Rfb1 Kg7 26. Bxf8+ Rxf8 27. Nd6 c5
28. Ra3 Rd8 29. Nxc8 Nxc8 30. Rxb7 Rxb7 31. Bxb7 Nd6 32. Bf3 Rd7 33. Ra6 Nf5 34.
Kg2 Nd4 35. Ra5 Rc7 36. e3 Nf5 37. Kf1 Kf6 38. Ke2 Ke7 39. Kd2 Nd6 40. Bg2 e5
41. Bd5 f6 42. Kc3 Nf5 43. Ra6 Nd6 44. Ra3 Kd8 45. Rb3 Kd7 46. Rb8 Rc8 47. Rxc8
Nxc8 48. Bf7 Ne7 49. d4 Kd6 50. dxc5+ Kxc5 51. Kb3 e4 52. Kc3 a6 53. a3 f5 54.
Be8 a5 55. Bf7 Kd6 56. Kc2 Kc6 57. Be8+ Kd6 58. Kb3 Kc5 59. Kc3 Kd6 60. Kd4 Nc6+
61. Bxc6 Kxc6 62. c5 Kc7 63. Kd5 Kd7 64. c6+ Kc7 65. a4 Kc8 66. Kd6 Kd8 67. c7+
Kc8 68. Kc6 f4 69. gxf4 g5 70. f5 g4 71. f6 g3 72. f3 1-0

[Event "29th Avoine Open 2014"]
[Site "Avoine FRA"]
[Date "2014.07.20"]
[Round "2.50"]
[White "Lafrechoux, Laurent"]
[Black "Delalande, Thierry"]
[Result "0-1"]
[WhiteElo "1887"]
[BlackElo "2077"]
[WhiteFideId "662984"]
[BlackFideId "610119"]
[EventDate "2014.07.19"]

1. c4 b6 2. Nc3 Bb7 3. Nf3 e6 4. d4 Bb4 5. Bf4 f5 6. e3 Nf6 7. Nd2 O-O 8. f3 d6
9. Qc2 Nbd7 10. Bg3 Bxc3 11. Qxc3 Qe7 12. Bd3 Nh5 13. Bf2 c5 14. O-O Rac8 15.
Rad1 cxd4 16. Qxd4 Ne5 17. Be2 Nf6 18. Bg3 Qc7 19. Nb1 Rfd8 20. b3 Nc6 21. Qb2
a6 22. Qa3 Ne5 23. Nc3 Nf7 24. Rd3 e5 25. Rfd1 Re8 26. Qb2 Nh5 27. Nd5 Qd8 28.
Bf2 Nf6 29. Nc3 Qe7 30. Na4 e4 31. Rd4 exf3 32. gxf3 b5 33. cxb5 axb5 34. Nc3
Ne5 35. Nxb5 Nxf3+ 36. Bxf3 Bxf3 37. Nxd6 Ne4 38. Nxc8 Qg5+ 39. Bg3 Qxe3+ 40.
Bf2 Qg5+ 41. Bg3 Nxg3 42. hxg3 Qxg3+ 43. Kf1 Bxd1 44. Qf2 0-1

[Event "29th Avoine Open 2014"]
[Site "Avoine FRA"]
[Date "2014.07.20"]
[Round "2.51"]
[White "Heurtebize, Christophe"]
[Black "Petitjean, Francois"]
[Result "1-0"]
[WhiteElo "2067"]
[BlackElo "1871"]
[WhiteFideId "610607"]
[BlackFideId "36010170"]
[EventDate "2014.07.19"]

1. c4 Nf6 2. Nf3 c5 3. g3 Nc6 4. Bg2 g6 5. O-O Bg7 6. Nc3 O-O 7. d4 cxd4 8. Nxd4
Qa5 9. Nc2 d6 10. Ne3 Bd7 11. Rb1 Rac8 12. a3 Qh5 13. Ncd5 Nxd5 14. Nxd5 Rfe8
15. b4 b6 16. Bf3 Qe5 17. Bb2 Qe6 18. Nf4 Qxc4 19. Bd5 Qa6 20. Bxg7 Kxg7 21. b5
Qxa3 22. Bxc6 Bxc6 23. bxc6 Rc7 24. Ra1 Qc5 25. Rc1 Qb5 26. Qd5 Qa6 27. Ra1 Qc8
28. Rfc1 Qd8 29. Rd1 Qc8 30. Rac1 Kg8 31. Qb5 Qa8 32. Nd5 Rcc8 33. c7 Kf8 34.
Qd7 Qb7 35. Rc3 Qa6 36. Re3 1-0

[Event "29th Avoine Open 2014"]
[Site "Avoine FRA"]
[Date "2014.07.20"]
[Round "2.52"]
[White "Beaugeard, Meddy"]
[Black "Fruteau, Sabine"]
[Result "0-1"]
[BlackTitle "WFM"]
[WhiteElo "1875"]
[BlackElo "2065"]
[WhiteFideId "696277"]
[BlackFideId "601942"]
[EventDate "2014.07.19"]

1. e4 d5 2. exd5 Qxd5 3. Nc3 Qd6 4. Bc4 Nf6 5. Nge2 a6 6. d4 Qc6 7. Qd3 Qxg2 8.
Rg1 Qxh2 9. Bf4 Qh3 10. O-O-O Qxd3 11. Rxd3 Bf5 12. Rdd1 Nbd7 13. f3 e6 14. Ng3
Bg6 15. Nce4 O-O-O 16. d5 Nb6 17. Nxf6 Nxc4 18. Ng4 Bc5 19. Rge1 h5 20. Ne5 Nxe5
21. Bxe5 f6 22. Bd4 Bd6 23. Ne4 Bf4+ 24. Kb1 exd5 25. Nc5 Bf5 26. Re7 Rhg8 27.
a4 Bd6 28. Re2 Rde8 29. Rde1 Rxe2 30. Rxe2 h4 31. b4 h3 32. b5 axb5 33. axb5 h2 0-1

[Event "29th Avoine Open 2014"]
[Site "Avoine FRA"]
[Date "2014.07.20"]
[Round "2.53"]
[White "Lukasiewicz, Anna"]
[Black "Doucet, Antoine"]
[Result "1-0"]
[WhiteElo "2062"]
[BlackElo "1865"]
[WhiteFideId "1104756"]
[BlackFideId "20667612"]
[EventDate "2014.07.19"]

1. e4 e5 2. Nf3 Nc6 3. Bb5 a6 4. Ba4 Nf6 5. d3 b5 6. Bb3 Be7 7. a4 Bb7 8. Nc3 b4
9. Nd5 Nd4 10. Nxd4 Nxd5 11. Nf5 Nf4 12. Nxg7+ Kf8 13. Bxf4 exf4 14. Nf5 Bf6 15.
Qh5 d5 16. O-O-O Rg8 17. Qh6+ Ke8 18. e5 Bh8 19. e6 Qf6 20. Qxf6 Bxf6 21. exf7+
Kxf7 22. Nh6+ Ke6 23. Rhe1+ Kd6 24. Nxg8 Rxg8 25. g3 f3 26. d4 a5 27. Rd3 Rf8
28. Kb1 Bg7 29. c3 Ba6 30. Rde3 Bc8 31. Re7 Bf6 32. R7e3 Bg5 33. Re5 Bd2 34.
Rxd5+ Kc6 35. Ree5 1-0

[Event "29th Avoine Open 2014"]
[Site "Avoine FRA"]
[Date "2014.07.20"]
[Round "2.54"]
[White "Delinotte, Mathieu"]
[Black "Lebret, Jean-Michel"]
[Result "0-1"]
[WhiteElo "1870"]
[BlackElo "2059"]
[WhiteFideId "617296"]
[BlackFideId "602094"]
[EventDate "2014.07.19"]

1. e4 c5 2. Nf3 d6 3. c3 Nf6 4. h3 Nc6 5. Bd3 g6 6. O-O Bg7 7. Nh2 d5 8. exd5
Nxd5 9. Be4 O-O 10. d3 e5 11. f4 Nxf4 12. Bxf4 exf4 13. Rxf4 Qg5 14. Qd2 Bh6 15.
Rf2 Qxd2 16. Nxd2 Be3 17. Bxc6 bxc6 18. Nb3 Be6 19. Nf1 Bxf2+ 20. Kxf2 c4 21.
Nd4 cxd3 22. Nxc6 Rfe8 23. Ne3 a5 24. a3 Ra6 25. Nd4 Bb3 26. Nxb3 Rf6+ 27. Kg1
Rxe3 28. Nd4 d2 29. Nf3 Rfxf3 0-1

[Event "29th Avoine Open 2014"]
[Site "Avoine FRA"]
[Date "2014.07.21"]
[Round "3.1"]
[White "Perrin, Guillaume"]
[Black "Greenfeld, Alon"]
[Result "1/2-1/2"]
[WhiteTitle "FM"]
[BlackTitle "GM"]
[WhiteElo "2294"]
[BlackElo "2540"]
[WhiteFideId "616931"]
[BlackFideId "2800039"]
[EventDate "2014.07.19"]

1. e4 c5 2. Nf3 d6 3. d4 cxd4 4. Nxd4 Nf6 5. Nc3 Nc6 6. Bg5 e6 7. Qd2 Be7 8.
O-O-O a6 9. f3 Nxd4 10. Qxd4 O-O 11. h4 b5 12. a3 Rb8 13. e5 dxe5 14. Qxe5 Qb6
15. Ne4 Nxe4 16. Qxe4 Bb7 17. Qe1 Bc5 18. Bd2 Bd5 19. Bd3 Rfc8 20. Bc3 Ba2 21.
b4 Bf2 22. Qe5 f6 23. Qh5 f5 24. Bxg7 Kxg7 25. Qg5+ Kf7 26. Qh5+ Kf8 27. Qh6+
Ke8 28. Qh5+ Kf8 1/2-1/2

[Event "29th Avoine Open 2014"]
[Site "Avoine FRA"]
[Date "2014.07.21"]
[Round "3.2"]
[White "Lagarde, Maxime"]
[Black "Bouget, Alexandre"]
[Result "1-0"]
[WhiteTitle "GM"]
[BlackTitle "FM"]
[WhiteElo "2521"]
[BlackElo "2287"]
[WhiteFideId "662399"]
[BlackFideId "681318"]
[EventDate "2014.07.19"]

1. Nf3 Nf6 2. g3 g6 3. Bg2 Bg7 4. O-O d5 5. d3 c5 6. Nbd2 Nc6 7. e4 O-O 8. Re1
b6 9. h3 e6 10. c3 dxe4 11. dxe4 Bb7 12. Qe2 Qc7 13. e5 Nd7 14. Nc4 Ba6 15. Bf4
Na5 16. b3 Nxc4 17. bxc4 Rae8 18. Rad1 Re7 19. h4 Qc8 20. Rd6 f6 21. exf6 Nxf6
22. Bh3 Qa8 23. Rxe6 Bc8 24. Bd6 Ree8 25. Ng5 1-0

[Event "29th Avoine Open 2014"]
[Site "Avoine FRA"]
[Date "2014.07.21"]
[Round "3.3"]
[White "Coursaget, Nicolas"]
[Black "Castellanos Rodriguez, Renier"]
[Result "0-1"]
[WhiteTitle "FM"]
[BlackTitle "IM"]
[WhiteElo "2274"]
[BlackElo "2479"]
[WhiteFideId "610127"]
[BlackFideId "3404650"]
[EventDate "2014.07.19"]

1. d4 Nf6 2. Nf3 e6 3. c4 b6 4. g3 Bb4+ 5. Nbd2 Bb7 6. Bg2 Be7 7. O-O c5 8. dxc5
bxc5 9. b3 d6 10. Bb2 O-O 11. e4 e5 12. Nh4 g6 13. f4 Nc6 14. f5 Nd4 15. Rc1 Qa5
16. a3 Qb6 17. Rc3 Bc6 18. g4 Qb7 19. g5 Nxe4 20. Nxe4 Bxe4 21. f6 Bd8 22. Qg4
Bxg2 23. Nxg2 Qc8 24. Qh4 h5 25. gxh6 Kh7 26. Ne3 Ne2+ 27. Kf2 Nxc3 28. Bxc3 Rb8
29. b4 cxb4 30. axb4 Bb6 31. Ke2 Bxe3 32. Kxe3 d5 0-1

[Event "29th Avoine Open 2014"]
[Site "Avoine FRA"]
[Date "2014.07.21"]
[Round "3.4"]
[White "Filip, Lucian"]
[Black "Lukasiewicz, Grzegorz"]
[Result "1/2-1/2"]
[WhiteTitle "IM"]
[BlackTitle "IM"]
[WhiteElo "2458"]
[BlackElo "2265"]
[WhiteFideId "1208900"]
[BlackFideId "1100866"]
[EventDate "2014.07.19"]

1. Nf3 d5 2. c4 c6 3. d4 Nf6 4. Nc3 e6 5. g3 Nbd7 6. Bg2 Be7 7. O-O O-O 8. Bf4
dxc4 9. e4 b5 10. d5 Qb6 11. dxc6 Nc5 12. e5 Ne8 13. Be3 Qb8 14. Qd4 Ba6 15.
Rfd1 h6 16. Qg4 Kh7 17. Bxc5 Bxc5 18. Ne4 Qb6 19. Rd7 1/2-1/2

[Event "29th Avoine Open 2014"]
[Site "Avoine FRA"]
[Date "2014.07.21"]
[Round "3.5"]
[White "Kambrath, Yannick"]
[Black "Sochacki, Christophe"]
[Result "0-1"]
[WhiteTitle "FM"]
[BlackTitle "IM"]
[WhiteElo "2259"]
[BlackElo "2449"]
[WhiteFideId "20632525"]
[BlackFideId "662569"]
[EventDate "2014.07.19"]

1. d4 Nf6 2. c4 g6 3. Nc3 d5 4. Nf3 Bg7 5. e3 O-O 6. cxd5 Nxd5 7. Bc4 Nxc3 8.
bxc3 b6 9. O-O Bb7 10. Qe2 Qc8 11. Ba3 c5 12. Rac1 Nc6 13. Rfd1 Na5 14. Bd3 Rd8
15. Bb2 Qe6 16. Ba1 Rac8 17. e4 cxd4 18. cxd4 Qd6 19. Bc3 Qa3 20. Qb2 Qxb2 21.
Bxb2 Rxc1 22. Rxc1 Nc6 23. e5 Nxd4 24. Nxd4 Bxe5 25. Nc6 Bxc6 26. Bxe5 Rxd3 27.
h3 Bd7 28. Rc7 f6 29. Bf4 a5 30. Be3 b5 31. Ra7 a4 32. Bc5 Rd1+ 33. Kh2 e5 34.
Ra6 Kf7 35. Rd6 Rxd6 36. Bxd6 a3 37. Bxa3 Be6 38. Kg1 Bxa2 39. Kf1 Ke6 40. h4
Kd5 41. Ke2 Kc4 42. Be7 f5 43. Kd2 Bb1 44. Bf6 e4 45. g3 Bd3 46. Bg7 b4 47. Bh6
Kb3 48. Bf8 Bc4 49. Bc5 Bf7 50. Bf8 Bg8 51. Bc5 h6 52. Kc1 Kc3 53. Be3 h5 54.
Bd2+ Kc4 55. Kb2 b3 56. Bg5 Kd3 57. Be3 Ke2 58. Kc3 Kf3 59. Kb2 f4 60. gxf4 Kg4
61. f5 gxf5 62. Bg5 Kf3 63. Be3 f4 64. Bc5 e3 0-1

[Event "29th Avoine Open 2014"]
[Site "Avoine FRA"]
[Date "2014.07.21"]
[Round "3.6"]
[White "Frick, Christoph"]
[Black "Vedmediuc, Serghei"]
[Result "1/2-1/2"]
[BlackTitle "IM"]
[WhiteElo "2246"]
[BlackElo "2430"]
[WhiteFideId "4607090"]
[BlackFideId "13900790"]
[EventDate "2014.07.19"]

1. e4 d5 2. exd5 Nf6 3. d4 Nxd5 4. Nf3 Bf5 5. Bd3 Bxd3 6. Qxd3 Nc6 7. a3 e6 8.
O-O Be7 9. c4 Nb6 10. Be3 O-O 11. Nc3 Na5 12. c5 Nd5 13. Rae1 Nc6 14. Qe4 Bf6
15. Rd1 Nce7 16. Ne2 b6 17. Bg5 Ng6 18. Bxf6 Qxf6 19. Ne5 Nxe5 20. dxe5 Qe7 21.
cxb6 axb6 22. Rd3 c5 23. Rfd1 Rfd8 24. Nf4 Nxf4 25. Qxf4 Rxd3 1/2-1/2

[Event "29th Avoine Open 2014"]
[Site "Avoine FRA"]
[Date "2014.07.21"]
[Round "3.7"]
[White "Vavric, Pavel"]
[Black "Inkiov, Ventzislav"]
[Result "1/2-1/2"]
[WhiteTitle "FM"]
[BlackTitle "GM"]
[WhiteElo "2235"]
[BlackElo "2428"]
[WhiteFideId "13902032"]
[BlackFideId "2900033"]
[EventDate "2014.07.19"]

1. e4 c5 2. Nf3 d6 3. d4 cxd4 4. Nxd4 Nf6 5. Nc3 Nc6 6. Bg5 e6 7. Qd2 Be7 8.
O-O-O Nxd4 9. Qxd4 O-O 10. f4 Qa5 11. Bc4 Bd7 12. e5 dxe5 13. fxe5 Bc6 14. Bd2
Nd7 15. Nd5 Qd8 16. Nxe7+ Qxe7 17. Rhe1 Nb6 18. Bf1 Rfd8 19. Qg4 Qc5 20. Qb4 Qf2
21. Qf4 Qxf4 22. Bxf4 Rxd1+ 23. Rxd1 Nd5 24. Bd2 Rc8 25. b3 Ne7 26. Be1 Ng6 27.
Bg3 h5 28. h4 Ne7 29. Bf2 a6 30. Kb2 Nf5 31. c4 Nh6 32. Be3 Ng4 33. Bf4 f6 34.
Re1 Rf8 35. exf6 Rxf6 36. Bg3 e5 37. Bd3 Kf7 38. Re2 g6 39. b4 Rd6 40. Kc3 Kf6
41. Bc2 Rd8 42. a4 Rc8 43. Rd2 Ne3 44. Rd6+ Ke7 45. c5 a5 46. Bxg6 axb4+ 47.
Kxb4 Nd5+ 48. Kc4 Nb6+ 49. Kb4 Nd5+ 50. Kc4 Nb6+ 51. Kb4 Nd5+ 1/2-1/2

[Event "29th Avoine Open 2014"]
[Site "Avoine FRA"]
[Date "2014.07.21"]
[Round "3.8"]
[White "Purenne, Benoit"]
[Black "Godart, Francois"]
[Result "1-0"]
[BlackTitle "FM"]
[WhiteElo "2225"]
[BlackElo "2399"]
[WhiteFideId "602337"]
[BlackFideId "208078"]
[EventDate "2014.07.19"]

1. Nf3 Nf6 2. d4 d5 3. c4 dxc4 4. Nc3 a6 5. a4 Nc6 6. e4 Bg4 7. d5 Ne5 8. Bf4
Ng6 9. Bg3 e5 10. Bxc4 Bd6 11. h3 Bd7 12. Nd2 O-O 13. O-O Ne8 14. Be2 Qg5 15.
Nc4 Bc5 16. Kh2 Bd4 17. Bg4 Bxg4 18. Qxg4 Qxg4 19. hxg4 Nd6 20. Nxd6 cxd6 21.
Ne2 Bxb2 22. Rab1 Ba3 23. Rxb7 Rac8 24. Ra1 Bc5 25. Rab1 Rfe8 26. Rd7 Nf8 27.
Rdb7 Ng6 28. Rd7 Red8 29. Rxd8+ Rxd8 30. Nc1 Nf4 31. Bxf4 exf4 32. Nd3 Bd4 33.
Rb4 Ba7 34. Rb7 Bd4 35. f3 g5 36. Nb4 Ra8 37. Nc6 Bc5 38. g3 fxg3+ 39. Kxg3 Kg7
40. f4 h6 41. e5 gxf4+ 42. Kxf4 dxe5+ 43. Nxe5 Rf8 44. Kf5 Bd6 45. Nc4 Bh2 46.
d6 Rc8 47. Ne5 Bxe5 48. Kxe5 Rc1 49. Rb6 Re1+ 50. Kd5 Kf6 51. Rxa6 Rd1+ 52. Kc6
Ke6 53. Kc7 Rd4 54. Rc6 1-0

[Event "29th Avoine Open 2014"]
[Site "Avoine FRA"]
[Date "2014.07.21"]
[Round "3.9"]
[White "Petre, Nad-Titus"]
[Black "Ternault, Mathieu"]
[Result "1/2-1/2"]
[WhiteTitle "IM"]
[WhiteElo "2371"]
[BlackElo "2220"]
[WhiteFideId "1204165"]
[BlackFideId "20641532"]
[EventDate "2014.07.19"]

1. c4 Nf6 2. Nf3 c6 3. g3 d5 4. Bg2 Bg4 5. Ne5 dxc4 6. Na3 e6 7. Naxc4 Nbd7 8.
Nxg4 Nxg4 9. O-O Nde5 10. Nxe5 Nxe5 11. b4 Be7 12. Rb1 a6 13. a4 O-O 14. Qb3 Qb6
15. d3 Ng4 16. h3 Nf6 17. e4 Rfd8 18. Be3 Qc7 19. d4 Rac8 20. Rfc1 Qd7 21. g4
Ne8 22. Rd1 Qc7 23. b5 axb5 24. axb5 cxb5 25. Qxb5 Nd6 26. Qb3 b5 27. Bf4 Qc2
28. e5 Ne8 29. Qxc2 Rxc2 30. Rxb5 Bh4 31. Be3 Nc7 32. Rb7 Nd5 33. Bxd5 Rxd5 34.
Rb8+ Rd8 35. Rdb1 Rcc8 36. Rxc8 Rxc8 37. Rb6 h6 38. Kg2 Ra8 39. Rb7 Ra1 40. Rb8+
Kh7 41. Rc8 Rb1 42. Rc1 Rb2 43. Rd1 Kg8 44. Kf3 Ra2 45. Rf1 Rb2 46. Ke4 Kf8 47.
Kd3 Ke7 48. Bd2 Ke8 49. f3 Ra2 50. Rb1 Bd8 51. Rb8 Kd7 52. Rb3 Ra1 53. f4 Rd1
54. Ke2 Rh1 55. Rf3 Kc6 56. f5 Kd5 57. f6 gxf6 58. exf6 Ke4 59. Bxh6 Rh2+ 60.
Rf2 Rxf2+ 61. Kxf2 Bxf6 62. Be3 Bh4+ 63. Ke2 f5 64. gxf5 exf5 65. Bf2 1/2-1/2

[Event "29th Avoine Open 2014"]
[Site "Avoine FRA"]
[Date "2014.07.21"]
[Round "3.10"]
[White "Belenkaya, Dina"]
[Black "Bujisho, Benjamin"]
[Result "1-0"]
[WhiteTitle "WFM"]
[BlackTitle "IM"]
[WhiteElo "2223"]
[BlackElo "2367"]
[WhiteFideId "24142654"]
[BlackFideId "608610"]
[EventDate "2014.07.19"]

1. e4 c5 2. Nf3 Nc6 3. Bb5 g6 4. O-O Bg7 5. c3 Nf6 6. Re1 O-O 7. h3 a6 8. Bxc6
dxc6 9. d4 cxd4 10. cxd4 Nd7 11. Nc3 e5 12. d5 cxd5 13. Qxd5 Nb6 14. Qc5 Nd7 15.
Qd5 Nb6 16. Qc5 Nd7 17. Qa3 Rb8 18. Rd1 b5 19. Nd5 Re8 20. Bg5 f6 21. Be3 Kh8
22. Rac1 Bf8 23. b4 Re6 24. Qb3 Bb7 25. Nb6 Rd6 26. Bc5 Nxc5 27. bxc5 Rxd1+ 28.
Rxd1 Qe7 29. Rd7 Qe8 30. Rf7 Bc8 31. Rxf6 Bxc5 32. Nxc8 Rxc8 33. Rxa6 Qf8 34.
Qb2 Qf4 35. Qxe5+ Qxe5 36. Nxe5 Re8 37. Nf7+ Kg7 38. Ng5 Bb4 39. f3 h6 40. Ne6+
Kf7 41. Nc7 Rc8 42. Nxb5 Rc1+ 43. Kh2 Bd2 44. h4 Rf1 45. Ra3 h5 46. Nd6+ Kg7 47.
Nc4 Bc1 48. Rc3 Bf4+ 49. g3 Bb8 50. Rb3 Rf2+ 51. Kh3 1-0